| 000 | 00499nam a22001697a 4500 | ||
|---|---|---|---|
| 999 |
_c525293 _d525293 |
||
| 003 | NUST | ||
| 038 | _awaseem | ||
| 082 |
_a929.2 _bJAN |
||
| 100 |
_aJanjua, Mushtaq Ahmed _916030 |
||
| 245 |
_aTarikh Rajput w Janjua / _cMushtaq Ahmed Janjua |
||
| 260 |
_aRawalpindi : _bRaja Altaf Hussain Janjua, _c2010. |
||
| 300 | _a734 p. ; | ||
| 500 | _aHardcover. | ||
| 880 |
_6100-01\r _aمشتاق احمد جنجوعہ |
||
| 880 |
_6245-02\r _aتاریخ راجپوت و جنجوعہ / |
||
| 942 |
_2ddc _cBK |
||